000 00470cam a22001217a 4500
008 180718b1992 xxu||||| |||| 00| 0 eng d
082 _aA81x54 91/11/PT12B/BE
100 _aCensus of India 1991
245 _aKarnataka district census handbook, Belgaum: village and townwise primary census abstract
260 _aBangalore
_bThe Director of Printing, Stationery and Publications
_c1992
300 _a395+p
440 _aCensus of India 1991. Series-11, Karnataka. Part XII-B
999 _c481414
_d481414